Normal view
MARC view
- Gilbert Martínez, Trinitat
Entry Nombre Personal
001 - NUMERO DE CONTROL
- campo de control: 38003
003 - IDENTIFICADOR DE NUMERO DE CONTROL
- campo de control: UPN
005 - FECHA Y HORA DE LA ÜLTIMA TRANSACCIÓN
- campo de control: 20210219194530.0
008 - DATOS DE LONGITUD FIJA
- campo de control de longitud fija: nabaccnnaabn|||||||||| b |nc|||||d
035 ## - NUMERO DE CONTROL
- Número de control: UPN11000010110
040 ## - FUENTE DE CATALOGACIÓN
- Lenguaje de catalogación: SPA
- Agencia de transcripción: UPN
100 1# - ENCABEZAMIENTO - NOMBRE PERSONAL
- Nombre personal: Gilbert Martínez, Trinitat
670 ## - FUENTE EN LA QUE SE LOCALIZARON DATOS
- Cita de la fuente: T
- Información localizada: https://es.linkedin.com/in/trinitat-gilbert-mart%C3%ADnez-35243345
680 ## - NOTA PUBLICA DE ACCESO PÚBLICO
- Frase explicativa de la referencia: Periodista en diari ARA, Catalunya Ràdio i en www.etselquemenges.cat Barcelona y alrededores, España
902 ## - CATALOGADOR
- Catalogador: EMR/201115
